[Event "Kurgan"]
[Site "Kurgan"]
[Date "1993.??.??"]
[Round "?"]
[White "Temirbaev, Serik"]
[Black "Rublevsky, Sergei"]
[Result "1/2-1/2"]
[WhiteElo "2450"]
[BlackElo "2525"]

1.d4 Nf6 2.c4 e6 3.Nf3 Bb4+ 4.Bd2 Bxd2+ 5.Qxd2 b6 6.g3 Bb7 7.Bg2 O-O 8.Nc3 Ne4
9.Nxe4 Bxe4 10.O-O d6 11.Nh4 Bxg2 12.Nxg2  1/2-1/2

[Event "Las Palmas2"]
[Site "Las Palmas"]
[Date "1993.??.??"]
[Round "?"]
[White "Brito, Alfredo"]
[Black "Urday, Henry"]
[Result "1/2-1/2"]
[WhiteElo "2370"]
[BlackElo "2465"]

1.d4 Nf6 2.c4 e6 3.Nf3 Bb4+ 4.Bd2 a5 5.g3 b6 6.Bg2 Bb7 7.a3 Be7 8.Nc3 O-O
9.O-O Ne4 10.Nxe4 Bxe4 11.Bc3 d6 12.Ne1 Bxg2 13.Nxg2 Nd7 14.Qd2 Nf6 15.Qd3 d5
16.Rfd1 Qd7 17.Rac1 Rfd8 18.Ne3 Bf8 19.Qc2  1/2-1/2

[Event "Las Palmas2"]
[Site "Las Palmas"]
[Date "1993.??.??"]
[Round "?"]
[White "Matamoros Franco, Carlos S"]
[Black "Barlov, Dragan"]
[Result "1-0"]
[WhiteElo "2410"]
[BlackElo "2480"]

1.d4 Nf6 2.c4 e6 3.Nf3 Bb4+ 4.Bd2 Qe7 5.g3 O-O 6.Bg2 Bxd2+ 7.Qxd2 d6 8.Nc3 e5
9.O-O Re8 10.e4 Bg4 11.Ne1 exd4 12.Qxd4 Nc6 13.Qd2 Qd7 14.f3 Bh3 15.Nc2 Bxg2
16.Kxg2 a6 17.Ne3 Ne7 18.Rad1 Rad8 19.g4 b5 20.Ncd5 Nfxd5 21.cxd5 h6 22.Rc1 c6
23.dxc6 Nxc6 24.Rfd1 Ne7 25.Qd4 Qe6 26.b3 a5 27.Rc2 Qg6 28.Rcd2 Qg5 29.Nd5 h5
30.h4 Qh6 31.g5 Qh7 32.Nxe7+ Rxe7 33.Qb6 Rde8 34.Rd4 a4 35.Qxd6 axb3 36.Qxe7  1-0

[Event "Las Palmas op"]
[Site "Las Palmas"]
[Date "1993.??.??"]
[Round "?"]
[White "Van Wely, Loek"]
[Black "Kurajica, Bojan"]
[Result "0-1"]
[WhiteElo "2590"]
[BlackElo "2550"]

1.d4 Nf6 2.c4 e6 3.Nf3 Bb4+ 4.Bd2 Qe7 5.g3 O-O 6.Bg2 Bxd2+ 7.Qxd2 d6 8.O-O e5
9.Nc3 Re8 10.e4 Bg4 11.Nh4 Nc6 12.h3 Bd7 13.Nf3 a6 14.Rfe1 Qd8 15.b3 Qc8
16.Kh2 h6 17.Rac1 Nh7 18.d5 Ne7 19.c5 Qd8 20.Qb2 Rf8 21.Qa3 Nc8 22.Nd2 Qf6
23.Nd1 Na7 24.Qa5 Rfc8 25.a4 Nf8 26.Qb4 dxc5 27.Rxc5 b5 28.a5 Be8 29.Qc3 c6
30.Qb2 Nd7 31.Rc3 Rc7 32.b4 Rac8 33.Nb3 cxd5 34.Rxc7 Rxc7 35.exd5 Kf8 36.Nc3 Qd6
37.Nd2 f5 38.Nd1 Nc8 39.Nf3 Bh5 40.Nh4 Bxd1 41.Rxd1 Ne7 42.Rc1 Rxc1 43.Qxc1 g5
44.Nf3 e4 45.Nd4 Qxd5 46.Qc3 Qe5 47.Qd2 Nf6 48.Nb3 f4 49.Nc5 Nf5 50.Qd8+ Kf7
51.gxf4 gxf4 52.Nd7 Nxd7 53.Qxd7+ Ne7 54.Bf1 Qb2 55.Kg1 e3 56.fxe3 fxe3 57.Qd3 Qf2+
58.Kh1 Nf5 59.Qd7+ Kg6 60.Bd3 Qf3+ 61.Kh2 Qg3+ 62.Kh1 Qxh3+ 63.Kg1 Qg3+ 64.Kh1 Qh4+
65.Kg2 Qg4+ 66.Kh2 Qf4+ 67.Kg2 Qg4+ 68.Kh2 Kg5 69.Qd8+ Kf4 70.Bxf5 Qxf5 71.Qd4+ Kf3
72.Qd1+ Kf2 73.Qg1+ Ke2 74.Qg3 Qf2+ 75.Kh1 Qf3+  0-1

[Event "Las Palmas2"]
[Site "Las Palmas"]
[Date "1993.??.??"]
[Round "?"]
[White "Brito, Alfredo"]
[Black "Garcia Padron, J."]
[Result "1/2-1/2"]
[WhiteElo "2370"]
[BlackElo "2445"]

1.d4 Nf6 2.c4 e6 3.Nf3 Bb4+ 4.Bd2 a5 5.g3 d6 6.Bg2 Nbd7 7.Qc2 e5 8.O-O O-O
9.Nc3 Re8 10.dxe5 dxe5 11.Rad1 c6 12.Ne4 Nxe4 13.Qxe4 Qe7 14.Qc2 h6 15.Nh4 Nf6
16.Nf5 Bxf5 17.Qxf5 Bxd2 18.Rxd2 a4 19.Rfd1 a3 20.b3 g6 21.Qd3 e4 22.Qc3 Rad8
23.e3 b5 24.Rxd8 Rxd8 25.Rxd8+ Qxd8 26.cxb5 cxb5 27.Bf1 h5 28.Bxb5 Qd1+ 29.Bf1 Ng4
30.h3 Nh2 31.Kxh2 Qxf1 32.Qf6 Qe2 33.Qd8+ Kh7 34.Qf6 Kg8 35.Qd8+ Kg7 36.Qd4+ f6
37.Kg2 Qxa2 38.Qxe4 Qxb3 39.Qe7+ Kg8 40.Qe8+ Kg7 41.Qe7+ Kh6 42.Qf8+ Kh7  1/2-1/2

[Event "Las Palmas2"]
[Site "Las Palmas"]
[Date "1993.??.??"]
[Round "?"]
[White "Matamoros Franco, Carlos S"]
[Black "Urday, Henry"]
[Result "1/2-1/2"]
[WhiteElo "2410"]
[BlackElo "2465"]

1.d4 Nf6 2.c4 e6 3.Nf3 Bb4+ 4.Bd2 c5 5.Bxb4 cxb4 6.e3 O-O 7.Be2 d6 8.O-O Nc6
9.a3 Bd7 10.d5 exd5 11.cxd5 Ne7 12.axb4 Qb6 13.Qd4 Nexd5 14.b5 Rfc8 15.Na3 Qxd4
16.exd4 Nb6 17.Rfc1 Rxc1+ 18.Rxc1 Rc8 19.Rxc8+ Bxc8  1/2-1/2

[Event "Leeuwarden op"]
[Site "Leeuwarden"]
[Date "1993.??.??"]
[Round "6"]
[White "Piket, Jeroen"]
[Black "Danielsen, Henrik"]
[Result "1-0"]
[WhiteElo "2590"]
[BlackElo "2445"]

1.d4 Nf6 2.c4 e6 3.Nf3 Bb4+ 4.Bd2 Bxd2+ 5.Qxd2 b6 6.Nc3 Bb7 7.Qf4 O-O 8.e4 d6
9.O-O-O Nbd7 10.Be2 Nh5 11.Qe3 Nhf6 12.h3 Qe7 13.g4 c5 14.g5 Ne8 15.h4 a6
16.Rd2 f5 17.Rhd1 f4 18.Qd3 cxd4 19.Nxd4 Ne5 20.Qh3 Nc7 21.Nf3 Rad8 22.Nxe5 dxe5
23.Bg4 Bc8 24.Kc2 Kf7 25.Rxd8 Rxd8 26.Rxd8 Qxd8 27.Qd3 Qe7 28.a3 Bd7 29.b4 Ke8
30.Kb3 Bc6 31.Be2 Kf7 32.Nb1 Ne8 33.Nd2 Nd6 34.Nf3 Bxe4 35.Nxe5+ Kg8 36.Qd4 Qc7
37.f3 Bf5 38.c5 bxc5 39.Qxc5 Qd8 40.Nc6 Qd7 41.Nd4 Nf7 42.Qe5 Nd6 43.Bxa6 Kf7
44.Qxf4 Kg6 45.a4 h6 46.gxh6 gxh6 47.a5 Kh7 48.Be2 Bg6 49.a6 Nf7 50.Qf6 Qc7
51.h5  1-0

[Event "Leeuwarden op"]
[Site "Leeuwarden"]
[Date "1993.??.??"]
[Round "9"]
[White "Straub, Peter"]
[Black "Rubingh, Otto"]
[Result "0-1"]
[WhiteElo "2155"]
[BlackElo "2315"]

1.d4 e6 2.Nf3 Nf6 3.c4 Bb4+ 4.Bd2 Qe7 5.Nc3 b6 6.a3 Bxc3 7.Bxc3 Bb7 8.b4 O-O
9.e3 Ne4 10.Bb2 d6 11.Bd3 Nd7 12.Qc2 f5 13.O-O-O a5 14.b5 c6 15.Bxe4 fxe4
16.Qxe4 Nf6 17.Qh4 cxb5 18.cxb5 Be4 19.Rd2 Bg6 20.d5 e5 21.Kd1 Rac8 22.Re1 Qd7
23.Ng5 Qxb5 24.e4 Qa4+ 25.Ke2 Qc4+ 26.Kd1 h6 27.Ne6 Nxe4 28.Nxf8 Nc3+ 29.Bxc3 Qxh4
30.Nxg6 Qg4+ 31.f3 Qxg6 32.Bb2 Rc5 33.Re3 Qb1+ 34.Ke2 Qg1 35.Kd3 Rxd5+  0-1

[Event "Leeuwarden op"]
[Site "Leeuwarden"]
[Date "1993.??.??"]
[Round "9"]
[White "Tondivar, Babak"]
[Black "Ulibin, Mikhail"]
[Result "0-1"]
[WhiteElo "2290"]
[BlackElo "2560"]

1.d4 e6 2.Nf3 Nf6 3.c4 Bb4+ 4.Bd2 Qe7 5.g3 Nc6 6.Bg2 Bxd2+ 7.Nbxd2 d6 8.O-O a5
9.e4 e5 10.d5 Nb8 11.Ne1 O-O 12.Nd3 Bg4 13.f3 Bd7 14.f4 Na6 15.f5 h6 16.g4 Nh7
17.Nf3 c6 18.h4 cxd5 19.cxd5 Bb5 20.Rf2 Rfc8 21.Rc1 Rxc1 22.Nxc1 Nc5 23.Qe1 Bd3
24.Nh2 Qxh4 25.Re2 Qxe1+ 26.Rxe1 Rc8 27.Re3 Bxe4 28.Bxe4 Nxe4 29.Nb3 Nhf6
30.Re2 a4 31.Na5 Rc1+ 32.Kg2 Nc5  0-1

[Event "Lenk op"]
[Site "Lenk"]
[Date "1993.??.??"]
[Round "8"]
[White "Gheorghiu, Florin"]
[Black "Ambroz, Jan"]
[Result "1/2-1/2"]
[WhiteElo "2475"]
[BlackElo "2405"]

1.d4 Nf6 2.c4 e6 3.Nf3 Bb4+ 4.Bd2 c5 5.g3 b6 6.Bg2 Bb7 7.O-O O-O 8.Bg5 cxd4
9.Qxd4 Be7 10.Nc3 h6 11.Bxf6 Bxf6 12.Qd3 Na6 13.Rfd1 d5 14.cxd5 exd5 15.Rac1 Nc5
16.Qb1 Qe8 17.Nd4 Rd8 18.e3 Rd7 19.Qf5 Ne4 20.Ndb5 Nxc3 21.Nxc3 Qe6 22.Bh3 Qxf5
23.Bxf5 Rdd8  1/2-1/2

[Event "SWE-chA"]
[Site "Lindesberg"]
[Date "1993.??.??"]
[Round "?"]
[White "Burwick, Malte"]
[Black "Lindberg, Bengt"]
[Result "1/2-1/2"]
[WhiteElo "2225"]
[BlackElo "2345"]

1.d4 Nf6 2.c4 e6 3.Nf3 Bb4+ 4.Bd2 c5 5.Bxb4 cxb4 6.e3 O-O 7.Bd3 d6 8.a3 Nc6
9.axb4 Nxb4 10.Nc3 b6 11.Be2 a5 12.O-O Ba6 13.Na2 Nxa2 14.Rxa2 Qe7 15.b3 Rfc8
16.Qa1 d5 17.Nd2 Rc7 18.Rd1 Rac8 19.Bf1 Bb7 20.Be2 Ne8 21.cxd5 exd5 22.Bg4 Rd8
23.Rc1 Bc8 24.Bxc8 Rdxc8 25.Rxc7 Qxc7 26.g3 Nd6 27.Kg2 g6 28.Qf1 Qc3 29.h4 h5
30.Qd1 Qd3 31.Qf1 Rc3 32.Qxd3 Rxd3 33.Kf3 Ne4 34.Nxe4 dxe4+ 35.Kxe4 Rxb3
36.Ke5 Rb5+  1/2-1/2

[Event "SWE-ch"]
[Site "Lindesberg"]
[Date "1993.??.??"]
[Round "1"]
[White "Engqvist, Thomas"]
[Black "Eriksson, Anders"]
[Result "1-0"]
[WhiteElo "2420"]
[BlackElo "2355"]

1.d4 Nf6 2.Nf3 e6 3.c4 Bb4+ 4.Bd2 Qe7 5.g3 O-O 6.Bg2 Bxd2+ 7.Qxd2 d6 8.Nc3 Re8
9.O-O e5 10.e4 a5 11.h3 Na6 12.Rad1 c6 13.Rfe1 Rb8 14.b3 b6 15.Kh2 Bd7 16.Nh4 b5
17.cxb5 cxb5 18.Nd5 Nxd5 19.exd5 Qd8 20.dxe5 dxe5 21.f4 exf4 22.Rxe8+ Bxe8
23.Qxf4 g5 24.Qg4 h5 25.Qxh5 gxh4 26.Qh6 hxg3+ 27.Kh1 Qb6 28.d6 Qf2 29.Qg5+ Kh8
30.Qh6+ Kg8 31.Qg5+ Kh8 32.Rf1 Qd4 33.Rf4 Qa1+ 34.Bf1 Qg7 35.Qh4+ Qh7 36.Qf6+ Qg7
37.Rh4+ Kg8 38.Rg4 Qxg4 39.hxg4 Nb4 40.Qg5+ Kh8 41.d7  1-0

[Event "Lisboa zt"]
[Site "Lisboa"]
[Date "1993.??.??"]
[Round "2"]
[White "Santos, Antonio P"]
[Black "Fernandes, Antonio"]
[Result "0-1"]
[WhiteElo "2285"]
[BlackElo "2455"]

1.d4 Nf6 2.c4 e6 3.Nf3 Bb4+ 4.Bd2 Qe7 5.Nc3 O-O 6.Qc2 c5 7.e3 b6 8.a3 Ba5
9.Bd3 Nc6 10.d5 Nb8 11.O-O d6 12.Rab1 Na6 13.e4 e5 14.Bg5 Bxc3 15.Qxc3 h6
16.Bd2 Nh5 17.g3 g5 18.Ne1 f5 19.exf5 Bxf5 20.Bxf5 Rxf5 21.g4 Nf4 22.Bxf4 Rxf4
23.h3 Raf8 24.Rd1 Qf7 25.f3 e4 26.Ng2 Rxf3 27.Rxf3 exf3 28.Ne3 f2+ 29.Kf1 Qf3
30.Qd3 Qxh3+ 31.Ke2 Qf3+ 32.Kd2 Rf6 33.Rf1 Nb8 34.Qe2 Qf4 35.Kd1 Nd7 36.Nf5 Ne5
37.Rxf2 Qxg4 38.Ne3 Rxf2 39.Nxg4 Rxe2 40.Nxh6+ Kh7  0-1

[Event "Lisboa m"]
[Site "Lisboa"]
[Date "1993.??.??"]
[Round "3"]
[White "Santos, Antonio P"]
[Black "Galego, Luis"]
[Result "1/2-1/2"]
[WhiteElo "2285"]
[BlackElo "2390"]

1.d4 Nf6 2.c4 e6 3.Nf3 Bb4+ 4.Bd2 Qe7 5.Nc3 O-O 6.Qc2 d5 7.Bg5 h6 8.Bh4 Nc6
9.e3 dxc4 10.Bxc4 e5 11.O-O Bxc3 12.bxc3 Bg4 13.Qg6 Bxf3 14.gxf3 Na5 15.Bxf6 Qxf6
16.Qxf6 gxf6 17.Bd3 Rfd8 18.Rfd1 Kf8 19.Rab1 b6 20.Kf1 c6 21.Ke2 Ke7 22.Rg1 Rac8
23.Bf5 Rc7 24.Rg7 c5 25.dxe5 fxe5 26.Rh7 Rc6 27.Rg1 Rf6 28.Be4 Nc4 29.Rg6 Rd2+
30.Ke1 Rfd6 31.Rxd6 Rxd6 32.Ke2 b5 33.Bd3 Ra6 34.a4 Rxa4 35.Rxh6 Ra2+ 36.Kf1 Nd6
37.h4 c4 38.Be4 a5 39.h5 Ra1+ 40.Kg2 Rd1 41.Rh8 f5 42.Bc6 b4 43.h6 Nf7 44.Re8+ Kf6
45.h7 Kg7 46.Re7 Kxh7 47.cxb4 axb4 48.Rxf7+ Kg6 49.Rd7 Ra1 50.Rd6+ Kg7 51.Bd7 b3
52.Bxf5 c3 53.Rc6 Rc1 54.Be4 c2 55.Rc3 b2 56.Rc7+ Kf6 57.Bxc2 b1=Q 58.Bxb1  1/2-1/2

[Event "London Lloyds"]
[Site "London"]
[Date "1993.??.??"]
[Round "1"]
[White "Van der Sterren, Paul"]
[Black "Cafferty, Bernard"]
[Result "1-0"]
[WhiteElo "2525"]
[BlackElo "2310"]

1.d4 Nf6 2.c4 e6 3.Nf3 Bb4+ 4.Bd2 Qe7 5.g3 Nc6 6.Nc3 d5 7.a3 Bxc3 8.Bxc3 O-O
9.Bg2 Ne4 10.Rc1 a5 11.O-O dxc4 12.Qa4 Nxc3 13.Rxc3 Ra6 14.Qxc4 Rb6 15.Rb1 Bd7
16.e3 Rc8 17.Qc5 Qxc5 18.Rxc5 Kf8 19.Nd2 a4 20.Nc4 Ra6 21.Ne5 Be8 22.Rbc1 Rb6
23.Nxc6 bxc6 24.R1c2 Rcb8 25.Bxc6 Bxc6 26.Rxc6 Rxb2 27.Rxb2 Rxb2 28.Rc4 Ra2
29.Rxa4 Ke7 30.g4 h6 31.Ra5 g5 32.Kg2 Kf6 33.a4 Kg7 34.Kf3 Kg6 35.h3 h5 36.gxh5+ Kxh5
37.Ra8 Kg6 38.a5 f5 39.a6 Kg7 40.a7 Kf7 41.Kg3 Kg7 42.f4 gxf4+ 43.Kxf4 Ra5
44.h4 Kh7 45.Kg5  1-0

[Event "London Lloyds"]
[Site "London"]
[Date "1993.??.??"]
[Round "10"]
[White "Bates, Richard"]
[Black "O'Cinneide, Mel"]
[Result "1-0"]
[WhiteElo "2235"]
[BlackElo "2225"]

1.d4 Nf6 2.c4 e6 3.Nf3 Bb4+ 4.Bd2 a5 5.g3 O-O 6.Bg2 d5 7.O-O dxc4 8.Qc2 Nc6
9.Qxc4 Qd5 10.Qd3 Qe4 11.Qxe4 Nxe4 12.Bf4 Bd6 13.Nc3 Nf6 14.Bxd6 cxd6 15.e4 e5
16.d5 Nb4 17.Nd2 Bd7 18.Nc4 Ra6 19.Rad1 b5 20.Ne3 Ng4 21.Nf5 g6 22.Ne7+ Kg7
23.Rd2 Re8 24.Nc6 Nxc6 25.dxc6 Bxc6 26.Rxd6 Rea8 27.Nd5 Bb7 28.Rxa6 Rxa6
29.f4 Bxd5 30.exd5 Ne3 31.Rc1 exf4 32.Rc6 Ra8 33.gxf4 Rd8 34.Rc5 Nxg2 35.Kxg2 Rb8
36.Kf3 Kf6 37.Ke4 Ke7 38.Rc7+ Kd6 39.Rxf7 Re8+ 40.Kd4 Re2 41.Rf6+ Kd7 42.Ra6 Rxh2
43.Rxa5 Rxb2 44.Ra7+ Kd6 45.Ra6+ Ke7 46.Kc5 Rc2+ 47.Kxb5 Rb2+ 48.Kc5 Rc2+
49.Kd4 Rd2+ 50.Ke4 Rd1 51.Ra7+ Kd6 52.Rxh7 Re1+ 53.Kf3 Kxd5 54.Rh2 Rc1 55.Re2 Rc6
56.Kg4 Ra6 57.Kg5 Kd4 58.Re8 Kd5 59.a3 Kd4 60.a4 Kd5 61.Rg8 Ke4 62.Rxg6 Ra5+
63.Kg4 Rxa4 64.Re6+ Kd5 65.Re8 Kd6 66.Kg5 Kd7 67.Re1 Ra8 68.f5 Rg8+ 69.Kf6 Rg2
70.Kf7 Rg3 71.f6 Rg2 72.Kf8 Rg3 73.f7 Rg2 74.Rd1+ Kc7  1-0

[Event "POL-chT"]
[Site "Lubniewice"]
[Date "1993.??.??"]
[Round "?"]
[White "Gralka, Julian"]
[Black "Rogowski, Jaroslaw"]
[Result "0-1"]
[WhiteElo "2300"]
[BlackElo "2300"]

1.d4 Nf6 2.Nf3 e6 3.c4 Bb4+ 4.Bd2 Qe7 5.g3 O-O 6.Bg2 Bxd2+ 7.Nbxd2 d6 8.O-O e5
9.e4 Bg4 10.Qc2 c5 11.d5 a5 12.Nb1 Na6 13.Nc3 Nc7 14.Nd2 Bd7 15.f4 Ng4 16.Rae1 exf4
17.gxf4 f6 18.Qd3 Ne8 19.a4 Nh6 20.b3 Nf7 21.Qg3 g6 22.Ne2 Ng7 23.Qc3 b6
24.Ng3 Rae8 25.Nf3 g5 26.Nf5 Bxf5 27.exf5 Qd8 28.fxg5 Nxg5 29.Nxg5 Rxe1 30.Qxe1 fxg5
31.Be4 Qf6 32.Qd2 Re8 33.Bc2 Re5 34.Re1 h6 35.Rf1 Nh5 36.Qg2 Kf7 37.Qf3 Nf4
38.h4 Re2 39.Bd1 Qd4+ 40.Kh1 Re3 41.Qf2 Rh3+ 42.Kg1 Ne2+ 43.Bxe2 Rg3+ 44.Kh1 Qxh4+
45.Qh2 Rh3  0-1

[Event "Makarska"]
[Site "Makarska"]
[Date "1993.??.??"]
[Round "?"]
[White "Stone, Raymond"]
[Black "Dizdar, Goran"]
[Result "0-1"]
[WhiteElo "2365"]
[BlackElo "2490"]

1.d4 Nf6 2.c4 e6 3.Nf3 Bb4+ 4.Bd2 c5 5.Bxb4 cxb4 6.g3 O-O 7.Bg2 d6 8.O-O Nc6
9.a3 Re8 10.axb4 Nxb4 11.Nc3 Bd7 12.Qb3 a5 13.Rfd1 Qc7 14.Rac1 Rac8 15.Nd2 Red8
16.Nce4 Ne8 17.Qa3 b6 18.b3 Qb8 19.Nc3 Nc7 20.Nf1 Nca6 21.Ne3 Be8 22.Na2 Nxa2
23.Qxa2 Qc7 24.Qb1 Qe7 25.h4 Rc7 26.Qa1 Rdc8 27.Bh3 Bd7 28.Qa3 Nb4 29.Qa1 Rb8
30.Nc2 Na6 31.Bg2 Be8 32.Na3 Rbc8 33.Bf3 Nb4 34.e3 Qf6 35.Be4 g6 36.Qb1 Qe7
37.h5 f5 38.Bf3 Qf6 39.hxg6 hxg6 40.Nb5 Bxb5 41.cxb5 Qg7 42.e4 Nc2 43.exf5 gxf5
44.Bb7 Na3 45.Bxc8 Nxb1 46.Bxe6+ Kf8 47.Rxb1 Qf6 48.Re1 Rc2 49.Bd7 f4 50.Rf1 Qxd4
51.Rbd1 Rd2 52.Rxd2 Qxd2 53.gxf4 Qxf4 54.Re1 d5 55.Bc6 d4 56.Kf1 d3 57.Rd1 Qd4
58.Bf3 Ke7 59.Bh5 Kf6 60.Bf3 Ke5  0-1

[Event "Matra op"]
[Site "Matra"]
[Date "1993.??.??"]
[Round "?"]
[White "Berebora, Ferenc"]
[Black "Bardossi, Jeno"]
[Result "1-0"]
[WhiteElo "2425"]
[BlackElo "2205"]

1.d4 Nf6 2.c4 e6 3.Nf3 Bb4+ 4.Bd2 Qe7 5.g3 O-O 6.Bg2 Bxd2+ 7.Qxd2 d6 8.Nc3 Nbd7
9.O-O c6 10.e4 e5 11.Nh4 Nb6 12.b3 g6 13.f4 exf4 14.Qxf4 Nh5 15.Qh6 Ng7 16.Rae1 f6
17.Kh1 Bd7 18.a4 Rad8 19.a5 Na8 20.Qd2 Nc7 21.b4 Nge6 22.Nf5 gxf5 23.exf5 Qf7
24.fxe6 Bxe6 25.d5 Bd7 26.Ne4 Ne8 27.Ng5 Qg7 28.Ne6 Bxe6 29.dxe6 Qe7 30.a6 bxa6
31.Bxc6 Ng7 32.Bd5 f5 33.Ra1 Rf6 34.Rxa6  1-0

[Event "Milan op"]
[Site "Milan"]
[Date "1993.??.??"]
[Round "?"]
[White "Contini, Luca"]
[Black "Lanzani, Mario"]
[Result "1/2-1/2"]
[WhiteElo "2320"]
[BlackElo "2295"]

1.d4 Nf6 2.c4 e6 3.Nf3 Bb4+ 4.Bd2 Bxd2+ 5.Nbxd2 d5 6.e3 O-O 7.Rc1 c6 8.Qc2 Nbd7
9.Bd3 Qe7 10.O-O h6 11.Rfe1 e5 12.e4 dxe4 13.Nxe4 exd4 14.Nxd4 Nc5 15.Nxc5 Qxc5
16.Qc3 a5 17.h3 Bd7 18.Nb3 Qb4 19.Re5 b6 20.Bb1 Qxc3 21.Rxc3 c5 22.Nd2 Rfe8
23.Rxe8+ Rxe8 24.Kf1 Bc6 25.Rd3 Ne4 26.Nxe4 Bxe4 27.Re3 Bc6 28.Rxe8+ Bxe8  1/2-1/2

[Event "Mlada Boleslav op"]
[Site "Mlada Boleslav"]
[Date "1993.??.??"]
[Round "?"]
[White "Voloshin, Leonid"]
[Black "Stohl, Igor"]
[Result "1/2-1/2"]
[WhiteElo "2410"]
[BlackElo "2545"]

1.d4 Nf6 2.c4 e6 3.Nf3 Bb4+ 4.Bd2 Qe7 5.g3 Nc6 6.Bg2 Bxd2+ 7.Nbxd2 d6 8.O-O a5
9.e4 e5 10.d5 Nb8 11.b3 O-O 12.a3 Bg4 13.h3 Bxf3 14.Qxf3 g6 15.Qc3 Nbd7 16.b4 b6
17.Nb3 axb4 18.axb4 Rfb8 19.Rfc1 Qf8 20.Bf3 Rxa1 21.Rxa1 Ra8 22.Bg2 Qb8 23.Rxa8  1/2-1/2

[Event "Amber-rapid 2nd"]
[Site "Monte Carlo"]
[Date "1993.??.??"]
[Round "6"]
[White "Polugaevsky, Lev"]
[Black "Kortschnoj, Viktor"]
[Result "1/2-1/2"]
[WhiteElo "2635"]
[BlackElo "2605"]

1.d4 Nf6 2.c4 e6 3.Nf3 Bb4+ 4.Bd2 c5 5.Bxb4 cxb4 6.g3 O-O 7.Bg2 d6 8.O-O Re8
9.Qd3 Nbd7 10.Nbd2 e5 11.e4 b6 12.Ne1 a5 13.Nc2 Ba6 14.Ne3 Rb8 15.Rac1 b5
16.b3 bxc4 17.Ndxc4 Nb6 18.Rfd1 Nxc4 19.Nxc4 Qe7 20.dxe5 dxe5 21.Qd6 Bxc4
22.Qxe7 Rxe7 23.Rxc4 h5 24.f3 g5 25.Kf2 Kg7 26.Ke3 a4 27.Bf1 axb3 28.axb3 Rbb7
29.Ra1 g4 30.Be2 gxf3 31.Bxf3 Rec7 32.Rac1 Rxc4 33.Rxc4 Ng4+ 34.Bxg4  1/2-1/2

[Event "Muenster-IM"]
[Site "Muenster"]
[Date "1993.??.??"]
[Round "2"]
[White "Stoering, Volker"]
[Black "Kruszynski, Wlodzimierz"]
[Result "1-0"]
[WhiteElo "2340"]
[BlackElo "2390"]

1.d4 Nf6 2.c4 e6 3.Nf3 Bb4+ 4.Bd2 c5 5.Bxb4 cxb4 6.a3 bxa3 7.Rxa3 O-O 8.e3 d6
9.Be2 Nc6 10.O-O b6 11.Ne1 Bb7 12.Bf3 Qe7 13.Nd2 e5 14.Bxc6 Bxc6 15.d5 Bb7
16.e4 a5 17.Qb1 Nh5 18.g3 Bc8 19.b4 Bh3 20.Ng2 axb4 21.Qxb4 Rxa3 22.Qxa3 Qg5
23.Rd1 Qg4 24.f3 Qg6 25.Nh4 Qg5 26.Kf2 Qf6 27.Rb1 g5 28.Ng2 Rb8 29.Qa7 Qd8
30.Ne3 Bd7 31.Rb2 Nf6 32.g4 h5 33.h3 hxg4 34.hxg4 Kg7 35.Ndf1 Qh8 36.Rxb6 Ra8
37.Qb7 Qh4+ 38.Ke2 Ra2+ 39.Rb2 Ra1 40.Rb1 Ra2+ 41.Rb2 Ra1 42.Qb4 Ne8 43.Kd3 Ra4
44.Qxa4 Bxa4 45.Nf5+  1-0

[Event "Muenster op"]
[Site "Muenster"]
[Date "1993.??.??"]
[Round "3"]
[White "Lingnau, Carsten"]
[Black "Beckemeier, Werner"]
[Result "1/2-1/2"]
[WhiteElo "2395"]
[BlackElo "2390"]

1.d4 Nf6 2.c4 e6 3.Nf3 Bb4+ 4.Bd2 Qe7 5.g3 Bxd2+ 6.Qxd2 O-O 7.Bg2 d6 8.Nc3 e5
9.O-O Bg4 10.Ne1 c6 11.Nc2 Re8 12.e4 c5 13.d5 Na6 14.Ne3 Bd7 15.f4 Rab8 16.Rae1 Nc7
17.Nf5 Qf8 18.Ne3 Qe7 19.Nf5  1/2-1/2

[Event "Muenster op"]
[Site "Muenster"]
[Date "1993.??.??"]
[Round "4"]
[White "Beckhuis, Gernod"]
[Black "Tjiam, Dharma"]
[Result "1-0"]
[WhiteElo "2300"]
[BlackElo "2290"]

1.d4 Nf6 2.c4 e6 3.Nf3 Bb4+ 4.Bd2 Qe7 5.g3 Nc6 6.Bg2 Bxd2+ 7.Nbxd2 d6 8.O-O O-O
9.e4 a5 10.d5 Nb8 11.Ne1 e5 12.Nd3 Na6 13.f4 Nd7 14.Qe2 Nac5 15.Rae1 Nxd3
16.Qxd3 Nc5 17.Qe3 f6 18.Bf3 Bd7 19.Kh1 b5 20.cxb5 Bxb5 21.Be2 Rfb8 22.Nf3 Bxe2
23.Qxe2 Rb4 24.fxe5 fxe5 25.Qc2 Rab8 26.b3 a4 27.bxa4 Rxa4 28.Nd2 Rba8 29.Rb1 Rxa2
30.Qxa2  1-0

[Event "Muenster op"]
[Site "Muenster"]
[Date "1993.??.??"]
[Round "5"]
[White "Lingnau, Carsten"]
[Black "Mainka, Gregor"]
[Result "0-1"]
[WhiteElo "2395"]
[BlackElo "2385"]

1.d4 Nf6 2.c4 e6 3.Nf3 Bb4+ 4.Bd2 Bxd2+ 5.Qxd2 d5 6.g3 Nbd7 7.Qc2 c6 8.Nbd2 b6
9.Bg2 Bb7 10.O-O O-O 11.e4 c5 12.cxd5 exd5 13.e5 Ne4 14.Qa4 Re8 15.Bh3 Re7
16.Rad1 Qe8 17.Nh4 g6 18.f4 cxd4 19.Qxd4 Ndc5 20.Nhf3 Qa4 21.Rfe1 Qxd4+ 22.Nxd4 Na4
23.Nxe4 dxe4 24.Rd2 Rd8 25.Ree2 Rc7 26.Nb5 Rc1+ 27.Kf2 Rd3 28.Rxd3 exd3 29.Rd2 Nxb2
30.Nd6 Bd5 31.Ke3 Nc4+ 32.Nxc4 Bxc4 33.f5 b5 34.e6 fxe6 35.fxe6 Re1+ 36.Kd4 Re2
37.Rd1 Bxe6 38.Bxe6+ Rxe6 39.Kc5 Re2 40.a3 d2 41.Kxb5 Rxh2 42.a4 Rg2 43.Ka6 Rxg3
44.Rxd2 Ra3 45.a5 h5 46.Rd8+ Kg7 47.Rd7+ Kh6 48.Rxa7 h4 49.Ra8 Kg5 50.Kb6 Kg4
51.a6 h3 52.a7 h2 53.Rh8 Kg3 54.Kb7 g5 55.a8=Q Rxa8 56.Kxa8 g4  0-1

[Event "Munich op9293"]
[Site "Munich"]
[Date "1993.??.??"]
[Round "5"]
[White "Boensch, Uwe"]
[Black "Wahls, Matthias"]
[Result "1/2-1/2"]
[WhiteElo "2490"]
[BlackElo "2540"]

1.d4 Nf6 2.c4 e6 3.Nf3 Bb4+ 4.Bd2 Qe7 5.g3 Nc6 6.Nc3 O-O 7.Bg2 Bxc3 8.Bxc3 Ne4
9.Qc2 Nxc3 10.Qxc3 d6 11.d5 Nd8 12.O-O e5 13.c5 f5 14.b4 Nf7 15.a4 Rd8 16.Rfc1 e4
17.Nd4 dxc5 18.Qxc5 Qxc5 19.Rxc5 c6 20.Ne6 Rxd5 21.Rxd5 cxd5 22.Nc7 Rb8 23.Nxd5 Be6
24.Nf4 Bc4 25.h4 Ne5 26.f3 exf3 27.exf3 Rd8 28.Re1 Nc6 29.b5 Na5 30.Re7 Rd1+
31.Kf2 Ra1 32.h5 Ra2+ 33.Kg1 Ra1+ 34.Kf2 Ra2+ 35.Kg1 Ra1+ 36.Kf2 Ra2+ 37.Kg1 Ra1+
38.Kf2  1/2-1/2

[Event "Munich op9293"]
[Site "Munich"]
[Date "1993.??.??"]
[Round "7"]
[White "Van Wely, Loek"]
[Black "Pezerovic, Edin"]
[Result "1-0"]
[WhiteElo "2525"]
[BlackElo "2435"]

1.d4 Nf6 2.c4 e6 3.Nf3 Bb4+ 4.Bd2 Qe7 5.g3 O-O 6.Nc3 Bxc3 7.Bxc3 Ne4 8.Qc2 Nxc3
9.Qxc3 Nc6 10.Bg2 Qb4 11.Rc1 Qxc3+ 12.Rxc3 d6 13.d5 Ne7 14.Nd4 a6 15.dxe6 fxe6
16.c5 e5 17.cxd6 cxd6 18.Rc7 Rf7 19.Nb3 Be6 20.Bxb7 Rb8 21.O-O Nd5 22.Rxf7 Kxf7
23.Na5 Ne7 24.Rc1 Bd5 25.Bxd5+ Nxd5 26.b3 Ke6 27.a3 Ne7 28.Rc7 Rb6 29.e4 g5
30.b4 h5 31.Kg2 g4 32.h3 d5 33.hxg4 hxg4 34.Nb3 Kd6 35.Ra7 d4 36.Nc5 Nc8
37.Rd7+ Kc6 38.Rd5 Nd6 39.Rxe5 Nc4 40.Rd5 Nxa3 41.Nd3 Nb5 42.Ne5+ Kc7 43.Nxg4 Rc6
44.Ne5 Rc2 45.g4 Re2 46.g5 Nc3 47.Rxd4 Rxe4 48.Rxe4 Nxe4 49.f4 Kd6 50.Kf3 Nd2+
51.Kg4 Ne4 52.g6  1-0

[Event "NRW-Niedersachsen"]
[Site "Niedersachsen"]
[Date "1993.??.??"]
[Round "?"]
[White "Molinaroli, Martin"]
[Black "Buchenau, Frank"]
[Result "1-0"]
[WhiteElo "2295"]
[BlackElo "2240"]

1.d4 e6 2.Nf3 Nf6 3.c4 Bb4+ 4.Bd2 Qe7 5.g3 Nc6 6.Bg2 Bxd2+ 7.Nbxd2 d6 8.O-O a5
9.e4 e5 10.d5 Nb8 11.c5 Nbd7 12.cxd6 cxd6 13.Qc2 O-O 14.Rfc1 Nc5 15.Ne1 Bd7
16.Nc4 Rac8 17.Nb6 Rb8 18.Nd3 Qd8 19.Nxc5 Qxb6 20.Nxd7 Nxd7 21.Qc7 Qxc7 22.Rxc7 Nc5
23.Rc1 f5 24.exf5 Rxf5 25.Bh3 Rf3 26.Bg4 Rd3 27.Be6+ Kh8 28.Rc2 h6 29.Kg2 Rf8
30.h4 h5 31.Bf7 Kh7 32.Bxh5 Rxd5 33.Bf7 Rd4 34.h5 b5 35.Bg6+ Kh6 36.Bf7 b4
37.Ra7 a4 38.Rc7 Rd3 39.Re2 a3 40.bxa3 bxa3 41.Bg6 Rd4 42.Ra7 Rb8 43.Rxa3 Ne6
44.f4 Rd5 45.Bf7 Nd4 46.Bxd5 Nxe2 47.fxe5 dxe5 48.Ra6+ Kh7 49.Be4+ Kg8 50.Bg6 Nd4
51.Kf2 Rb2+ 52.Ke3 Re2+ 53.Kd3 Kf8 54.Ra8+ Ke7 55.a4 Kd6 56.Rd8+ Kc5 57.Rxd4 Ra2
58.Rg4 Ra3+ 59.Ke2 Ra2+ 60.Kf3 Ra3+  1-0

[Event "NLD-chT"]
[Site "?"]
[Date "1993.??.??"]
[Round "5"]
[White "Brenninkmeijer, Joris"]
[Black "Helgason, Reynir"]
[Result "1-0"]
[WhiteElo "2475"]
[BlackElo "2340"]

1.d4 Nf6 2.c4 e6 3.Nf3 Bb4+ 4.Bd2 c5 5.Bxb4 cxb4 6.g3 O-O 7.Bg2 d6 8.Nbd2 Nc6
9.Nf1 Bd7 10.Ne3 Ne7 11.O-O b5 12.c5 Bc6 13.Qb3 a5 14.Rac1 Rc8 15.Rfd1 Qd7
16.a3 Ned5 17.Nxd5 Bxd5 18.Qe3 bxa3 19.Qxa3 dxc5 20.dxc5 Qa7 21.b4 a4 22.Nd4 Bc4
23.Rxc4 bxc4 24.Rc1 Qd7 25.Rxc4 e5 26.c6 Qd6 27.Nf5 Qd1+ 28.Bf1 Nd5 29.e4 Nb6
30.Rc1 Qb3 31.Qxb3 axb3 32.Ne7+ Kh8 33.Nxc8 Rxc8 34.b5 b2 35.Rb1 Na4 36.Bd3  1-0

[Event "Oberwart op"]
[Site "Oberwart"]
[Date "1993.??.??"]
[Round "6"]
[White "Cvitan, Ognjen"]
[Black "Schmittdiel, Eckhard"]
[Result "1-0"]
[WhiteElo "2550"]
[BlackElo "2410"]

1.d4 Nf6 2.c4 e6 3.Nf3 Bb4+ 4.Bd2 c5 5.Bxb4 cxb4 6.e3 O-O 7.Be2 d6 8.O-O b6
9.Ne1 Bb7 10.Nd3 Nc6 11.Bf3 d5 12.Nd2 Qd6 13.Rc1 Rfc8 14.Qa4 a5 15.c5 Qd8
16.cxb6 Qxb6 17.Nc5 Nd8 18.Nxb7 Nxb7 19.Nb3 Kf8 20.Be2 Ne8 21.Bb5 Ned6 22.Bc6 Nc4
23.Bxb7 Qxb7 24.Nc5 Qa7 25.Rc2 Ke7 26.Qb3 Nb6 27.Rfc1 Rc7 28.a3 bxa3 29.Qxa3 Nc4
30.Qd3 g6 31.e4 Nb6 32.Qa3 Kf6 33.e5+  1-0